Подробности
| 000 -МАРКЕР |
| контрольное поле |
01582nam0a2200361 4500 |
| 001 - ИДЕНТИФИКАТОР ЗАПИСИ |
| контрольное поле |
RU\NLR\bibl\791739 |
| 005 - ИДЕНТИФИКАТОР ВЕРСИИ |
| контрольное поле |
20260405214958.0 |
| 010 ## - МЕЖДУНАРОДНЫЙ СТАНДАРТНЫЙ НОМЕР КНИГИ (ISBN) |
| Номер (ISBN) |
5-93522-028-8 |
| Тираж |
1000 |
| 035 ## - ДРУГИЕ СИСТЕМНЫЕ НОМЕРА |
| Идентификатор записи |
(NLR Aleph) 000780976 |
| 100 ## - ДАННЫЕ ОБЩЕЙ ОБРАБОТКИ |
| Данные общей обработки |
20050422d2004 |||y0rusy50 ca |
| 101 0# - ЯЗЫК РЕСУРСА |
| Язык текста, звукозаписи и т.д. |
русский |
| -- |
английский |
| 102 ## - СТРАНА ПУБЛИКАЦИИ ИЛИ ПРОИЗВОДСТВА |
| Страна публикации |
Российская Федерация |
| 105 ## - ПОЛЕ КОДИРОВАННЫХ ДАННЫХ: ТЕКСТОВЫЕ МАТЕРИАЛЫ, МОНОГРАФИЧЕСКИЕ |
| Кодированные данные о монографическом текстовом документе |
a ||||||||| |
| 200 1# - ЗАГЛАВИЕ И СВЕДЕНИЯ ОБ ОТВЕТСТВЕННОСТИ |
| Основное заглавие |
Возвращение к себе |
| Параллельное заглавие |
Returning to oneself |
| Сведения, относящиеся к заглавию |
фотографии Людмилы Ивановой |
| -- |
[фотоальбом] |
| Первые сведения об ответственности |
авт.-сост. Александр Зимин |
| Последующие сведения об ответственности |
[вступ.-Уильямс П.] |
| Язык параллельного заглавия |
английский |
| 210 ## - ПУБЛИКАЦИЯ, РАСПРОСТРАНЕНИЕ И ДР. |
| Место издания, распространения и т.д. |
Санкт-Петербург |
| Имя издателя, распространителя и т. д. |
Изд-во Зимина |
| Дата издания, распространения и т.д. |
2004 |
| 215 ## - ФИЗИЧЕСКАЯ ХАРАКТЕРИСТИКА |
| Специфическое обозначение материала и объем |
111 с. |
| Другие сведения о физической характеристике |
ил. |
| Размеры |
30 |
| 225 1# - СЕРИЯ |
| Основное заглавие серии |
Новое небо |
| 300 ## - ОБЩИЕ ПРИМЕЧАНИЯ |
| Текст примечания |
Авт. также на англ. яз.: Ludmila Ivanova |
| 300 ## - ОБЩИЕ ПРИМЕЧАНИЯ |
| Текст примечания |
Текст парал. на рус. и англ. яз. |
| 510 1# - ПАРАЛЛЕЛЬНОЕ ЗАГЛАВИЕ |
| Связь между полями |
z17790 |
| Параллельное заглавие |
Returning to oneself |
| Язык заглавия |
английский |
| 606 1# - НАИМЕНОВАНИЕ ТЕМЫ КАК ПРЕДМЕТ |
| Наименование темы |
Православие |
| Формальный подзаголовок |
Фотоальбомы |
| Географический подзаголовок |
Россия |
| Системный номер авторитетной/нормативной записи |
2078897 |
| Идентификатор авторитетной/нормативной записи |
RU\NLR\auth\661254764 |
| 686 ## - ИНДЕКСЫ ДРУГИХ КЛАССИФИКАЦИЙ |
| Индекс |
Э372.24я61 |
| 700 #1 - ИМЯ ЛИЦА - ПЕРВИЧНАЯ ОТВЕТСТВЕННОСТЬ |
| Код отношения |
Автор |
| Материалы, к которым относится поле |
rus |
| Графика поля |
Кириллица |
| Начальный элемент ввода |
Иванова |
| Часть имени, кроме начального элемента ввода |
Л. С. |
| Дополнения к именам, кроме дат |
фотохудожник |
| Даты |
1955- |
| Расширение инициалов личного имени |
Людмила Сергеевна |
| Идентификатор авторитетной/нормативной записи |
RU\NLR\AUTH\7797901 |
| Системный номер авторитетной/нормативной записи |
80827 |
| 702 #1 - ИМЯ ЛИЦА - ВТОРИЧНАЯ ОТВЕТСТВЕННОСТЬ |
| Начальный элемент ввода |
Зимин |
| Часть имени, кроме начального элемента ввода |
А. |
| Расширение инициалов личного имени |
Александр |
| Код отношения |
Составитель |
| 790 #1 - ИМЯ ЛИЦА - АЛЬТЕРНАТИВНАЯ ФОРМА |
| Код отношения |
Автор |
| Графика поля |
Латинская |
| Материалы, к которым относится поле |
rus |
| Начальный элемент ввода |
Ivanova |
| Часть имени, кроме начального элемента ввода |
L. S. |
| Дополнения к именам, кроме дат |
фотохудожник |
| Даты |
1955- |
| Расширение инициалов личного имени |
Ljudmila Sergeevna |
| Системный номер авторитетной/нормативной записи |
259272 |
| Идентификатор авторитетной/нормативной записи |
RU\NLR\AUTH\770259328 |
| 801 #0 - ИСТОЧНИК ЗАПИСИ |
| Страна |
Российская Федерация |
| Организация |
NLR |
| Дата составления |
20050422 |
| Правила каталогизации |
rcr |
| 801 #1 - ИСТОЧНИК ЗАПИСИ |
| Страна |
Российская Федерация |
| Организация |
NLR |
| Дата составления |
20050422 |
| 942 ## - ДОПОЛНИТЕЛЬНЫЕ ЭЛЕМЕНТЫ ЗАПИСИ (АБИС) |
| Тип экземпляра АБИС |
Книга |
| 980 ## - КОЛЛЕКЦИЯ |
| Название коллекции |
Национальная библиография |